00608nam a2200193 a 450000100060000000300080000600500170001400800410003103500190007204000260009104100080011708200280012510000310015324500850018426000580026930000210032761000240034865100420037272948BD-RjUL20211209082329.0170525s1985 ii 000 0 eng d a(BD-RjUL)73166 aBD-RjULbengcBD-RjUL aeng 223a923.10954bGAP 19851 aGandhi, Rajiv,d1944-1991.10aPrime Minister Rajiv Gandhi : bstatements on foreign policy, May-August 1985. / aNew Delhi :bAll India Congress Committee (I),c1985. a227 p. ;c21 cm.10aIndia.bParliament. 0aIndiaxPolitics and governmenty1977-